Largest Christian Denominations In The United States - Statistics

General Stats
  • This quiz has been taken 114 times
  • The average score is 9 of 15
Answer Stats
Number Of Members Denomination % Correct
50,873,000 Catholic
98%
2,787,000 Mormon
93%
33,830,000 Baptist
92%
9,580,000 Lutheran
84%
14,150,000 Methodist
77%
3,451,000 Episcopalian
76%
645,000 Orthodox
68%
5,596,000 Presbyterian
65%
4,407,000 Pentecostal
54%
1,331,000 Jehovah's Witness
53%
1,032,000 Evangelical
45%
1,378,000 Congregational
36%
724,000 Seventh-Day Adventist
29%
944,000 Church of God
11%
1,106,000 Assemblies of God
7%
No matching quizzes found
Score Distribution
Percent of People with Each Score
Percentile by Number Answered
Your Score History
You have not taken this quiz